000 00175nam a2200073Ia 4500
008 170524s9999 xx 000 0 und d
100 _aGAUR
245 0 _aEVENT MARKETING MANAGEMENT
260 _bVIKAS PUB.HOUSE
999 _c7891
_d7891